|
|
|
|
| LEADER |
00000nam a2200000 a 4500 |
| 001 |
vtls008303227 |
| 003 |
SK-MaSNL |
| 005 |
20260301204502.0 |
| 008 |
240318s2005 xo o g 000 0cslo |
| 015 |
|
|
|a SNBA2005/12-05372
|
| 020 |
|
|
|a 808871401X
|q (brož.)
|
| 035 |
|
|
|a FD143E0A-5104-414C-90A9-594599570B39
|
| 035 |
|
|
|a urn:nbn:sk:snk-aml7gm
|
| 035 |
|
|
|a urn:nbn:sk:snk-am008tlv
|
| 040 |
|
|
|a SNK
|b slo
|c SNK
|e AACR2
|
| 041 |
0 |
|
|a slo
|
| 043 |
|
|
|a e-xo---
|
| 044 |
|
|
|a xo
|c SK
|
| 072 |
|
7 |
|a 796
|x Šport. Hry. Telesné cvičenia
|2 konspekt
|
| 080 |
|
|
|a 929
|2 MDT-MRF
|
| 080 |
|
|
|a (092)
|2 MDT-MRF
|
| 080 |
|
|
|a (437.6)
|2 MDT-MRF
|
| 080 |
|
|
|a 796/799
|2 MDT-MRF
|
| 100 |
1 |
|
|a Šimo, Marián,
|d 1949-
|4 aut
|9 110441
|
| 245 |
1 |
0 |
|a Športové legendy spomínajú
|b "chladný rozum a horúce srdce!"
|c Marián Šimo, Michal Zeman
|
| 250 |
|
|
|a 1. vyd.
|
| 260 |
|
|
|a Bratislava
|b Psychodiagnostika
|c 2005
|
| 300 |
|
|
|a 182 s.
|b fotogr.
|c 25 cm
|
| 650 |
0 |
7 |
|a šport
|z Slovensko
|2 SNKPH
|9 528172
|
| 650 |
0 |
7 |
|a osobnosti
|z Slovensko
|2 SNKPH
|9 67208
|
| 655 |
|
7 |
|a biografie
|2 SNKPH
|9 27965
|
| 700 |
1 |
|
|a Zeman, Michal,
|d 1956-
|4 aut
|9 234650
|
| 919 |
|
|
|a 80-88714-01-X
|
| 958 |
|
|
|a OND
|
| 968 |
|
|
|d 793/799
|
| 999 |
|
|
|c 906629
|d 908559
|
| 952 |
|
|
|a SNK
|b SNK
|y PREZ
|7 0
|p 17A0485930
|o snkSC 121080
|i snk2005/17161
|8 0
|0 0
|1 0
|4 0
|d 2005-10-17
|f 1
|l 0
|r 2025-05-30 00:00:00
|w 2026-02-24
|
| 952 |
|
|
|a SNK
|b SNK
|y VYP
|7 0
|p 17A0485929
|o snkSC 121080 D1
|i snk2005/17162
|8 0
|0 0
|1 0
|4 0
|d 2005-10-17
|l 0
|r 2026-02-24 07:31:36
|w 2026-02-24
|